000 00707nam a2200217Ii 4500
003 JO-AjNU
008 230605s9999||||xx |||||||||||||| ||und||
017 _a1988/15212
020 _a9911-04-2476-5
040 _aJO-AjNU
_bara
_erda
_cJO-AjNU
041 _aara
050 1 4 _aK5066 1998
100 3 _aخيال، محمود السيد عبد المعطي,
_eauthor
_947206
245 0 0 _aالانترنت وبعض الجوانب القانونية
264 3 1 _aالقاهرة: مكتبة دار النهضة، 1998
300 _a175ص
336 _atext
_btxt
_2rdacontent
337 _aunmediated
_bn
_2rdamedia
338 _avolume
_bnc
_2rdacarrier
650 4 _aالانترنت - قانون
_947207
999 _aA20591
_c24159
_d24159